[Event "BL 8081 Porz-FH Hamburg"]
[Site "?"]
[Date "1981.??.??"]
[Round "?.1"]
[White "Huebner, R."]
[Black "Wockenfuss, K."]
[Result "1/2-1/2"]
[WhiteElo "2635"]
[BlackElo "2380"]
[PlyCount "105"]
[EventDate "1981.??.??"]

1. c4 Nf6 2. Nc3 e6 3. e4 c5 4. e5 Ng8 5. Nf3 Nc6 6. d4 cxd4 7. Nxd4 Nxe5 8.
Ndb5 a6 9. Nd6+ Bxd6 10. Qxd6 f6 11. Be3 Ne7 12. Bb6 Nf5 13. Bxd8 Nxd6 14. Bc7
Ke7 15. c5 Ne8 16. Bb6 d5 17. cxd6+ Nxd6 18. O-O-O Nd7 19. Ba5 b6 20. Bb4 Nc5
21. Na4 Nxa4 22. Rxd6 a5 23. Ba3 Rd8 24. Rxd8+ Kxd8 25. Bf8 Bd7 26. Bxg7 Ke7
27. Bh6 Rc8+ 28. Kb1 Nc5 29. Be2 Bc6 30. f3 Be8 31. Rc1 Bg6+ 32. Ka1 Rd8 33. b3
Rd5 34. Bc4 Rh5 35. Bf4 Bd3 36. Bc7 Bxc4 37. Rxc4 Nd7 38. Kb2 e5 39. h3 f5 40.
Rc6 f4 41. Bxb6 Nxb6 42. Rxb6 Rg5 43. Kc3 Rxg2 44. Kd3 Rxa2 45. h4 Rf2 46. Ke4
Re2+ 47. Kf5 Re3 48. Re6+ Kf7 49. Rxe5 Rxf3 50. Rxa5 Rxb3 51. Ra7+ Kg8 52. Kxf4
Rb5 53. Re7 1/2-1/2

[Event "BL 8081 Porz-FH Hamburg"]
[Site "?"]
[Date "1981.??.??"]
[Round "?.2"]
[White "Dankert, P."]
[Black "Hort, V."]
[Result "1/2-1/2"]
[WhiteElo "2365"]
[BlackElo "2575"]
[PlyCount "76"]
[EventDate "1981.??.??"]

1. e4 c5 2. Nf3 e6 3. b4 cxb4 4. d4 d5 5. e5 Ne7 6. a3 Nf5 7. axb4 Bxb4+ 8. c3
Be7 9. Bd3 Nc6 10. O-O Bd7 11. Na3 a6 12. Nc2 Na5 13. Ne3 Nxe3 14. fxe3 Bb5 15.
Ne1 O-O 16. Rf3 Bxd3 17. Nxd3 Rc8 18. Bd2 Nc4 19. Rg3 f5 20. Nf4 Rc6 21. Be1
Bg5 22. Qh5 Bxf4 23. exf4 Qe8 24. Qh4 Rb6 25. Rg5 Rb2 26. Qh3 a5 27. g4 fxg4
28. Qxg4 Qf7 29. Bg3 b5 30. Re1 a4 31. f5 a3 32. f6 g6 33. h4 Kh8 34. h5 gxh5
35. Qf4 a2 36. Rg7 Qxg7 37. fxg7+ Kxg7 38. Qg5+ Kh8 1/2-1/2

[Event "BL 8081 Porz-FH Hamburg"]
[Site "?"]
[Date "1981.??.??"]
[Round "?.3"]
[White "Sigurjonsson, G."]
[Black "Rosin, W."]
[Result "1-0"]
[WhiteElo "2435"]
[BlackElo "2265"]
[PlyCount "45"]
[EventDate "1981.??.??"]

1. e4 d6 2. d4 g6 3. Nc3 Bg7 4. f4 c6 5. Be3 Nf6 6. Nf3 O-O 7. Bd3 Ng4 8. Bd2
e5 9. dxe5 Qb6 10. Qe2 dxe5 11. h3 Nf6 12. Nxe5 Qxb2 13. Rb1 Qa3 14. O-O Nbd7
15. Nc4 Qc5+ 16. Be3 Qe7 17. e5 Ne8 18. Ne4 b6 19. f5 Nxe5 20. f6 Bxf6 21.
Nxf6+ Nxf6 22. Bd4 b5 23. Qxe5 1-0

[Event "BL 8081 Porz-FH Hamburg"]
[Site "?"]
[Date "1981.??.??"]
[Round "?.5"]
[White "Troeger, P."]
[Black "Fries Nielsen, J."]
[Result "1/2-1/2"]
[WhiteElo "2330"]
[BlackElo "2320"]
[PlyCount "124"]
[EventDate "1981.??.??"]

1. d4 Nf6 2. Nf3 d5 3. e3 g6 4. Bd3 Bg7 5. O-O O-O 6. Nbd2 c5 7. b3 Nc6 8. c3
e5 9. Nxe5 Nxe5 10. dxe5 Ng4 11. Nf3 Nxe5 12. Nxe5 Bxe5 13. Bb2 Qc7 14. f4 Bg7
15. Qf3 c4 16. Bc2 Be6 17. f5 gxf5 18. Bxf5 Rfe8 19. Bc2 Rad8 20. Qh5 h6 21.
Rf3 Qe5 22. Qh4 Qg5 23. Qf2 Be5 24. Rf1 Kh8 25. Bf5 Rg8 26. Bc1 Bc7 27. b4 Rg7
28. e4 Bb6 29. Bxg5 Bxf2+ 30. R3xf2 hxg5 31. Rd1 Rgg8 32. exd5 Rxd5 33. Rxd5
Bxd5 34. Rd2 Bc6 35. Rd4 Re8 36. Kf2 Re5 37. Bd7 Bd5 38. g4 a6 39. a4 Kg7 40.
a5 Kf6 41. Bf5 Ke7 42. Bb1 Be6 43. h3 b6 44. axb6 Rb5 45. Ba2 Rxb6 46. Bxc4 Rc6
47. Bxe6 fxe6 48. Rd3 a5 49. bxa5 Ra6 50. Ke3 Rxa5 51. c4 e5 52. Rb3 Rc5 53.
Rb4 Rc6 54. Ke4 Ke6 55. Ra4 Rc5 56. Ra6+ Kf7 57. Kd3 Rc8 58. Ra5 Ke6 59. Ra6+
Kf7 60. Ra4 Rc5 61. Ke4 Ke6 62. Rb4 Rc6 1/2-1/2

[Event "BL 8081 Porz-FH Hamburg"]
[Site "?"]
[Date "1981.??.??"]
[Round "?.6"]
[White "Cording, H."]
[Black "Gerusel, M."]
[Result "0-1"]
[WhiteElo "2340"]
[BlackElo "2370"]
[PlyCount "84"]
[EventDate "1981.??.??"]

1. e4 c5 2. f4 Nc6 3. d3 g6 4. c3 Bg7 5. Be3 d6 6. Be2 e6 7. Nf3 Nf6 8. Na3 Qe7
9. O-O O-O 10. h3 e5 11. f5 gxf5 12. exf5 Bxf5 13. Nh4 Bg6 14. Nf5 Bxf5 15.
Rxf5 Qe6 16. Rf2 Nd5 17. Nc2 f5 18. Bf3 f4 19. Bd2 Nf6 20. Qe2 Rae8 21. c4 Qd7
22. Rb1 a6 23. b4 b5 24. cxb5 axb5 25. Rff1 Nd4 26. Nxd4 cxd4 27. Qf2 Kh8 28.
Qh4 Qf5 29. Bc6 Rb8 30. Rf3 Qe6 31. a4 Qa2 32. Qe1 Qxa4 33. g4 Qa6 34. Be4 Nxe4
35. Qxe4 Qa8 36. Qe2 Rbc8 37. h4 Rc2 38. Re1 Qc8 39. Qg2 h6 40. Rf2 Qc6 41. Rf3
Rg8 42. Qh3 Rxd2 0-1

[Event "BL 8081 HSK-Porz"]
[Site "?"]
[Date "1981.??.??"]
[Round "?.1"]
[White "Chandler, M."]
[Black "Huebner, R."]
[Result "0-1"]
[WhiteElo "2455"]
[BlackElo "2635"]
[PlyCount "101"]
[EventDate "1981.??.??"]

1. d4 Nf6 2. c4 e6 3. Nf3 b6 4. g3 Ba6 5. Nbd2 c5 6. Bg2 Nc6 7. Qa4 Bb7 8. Ne5
cxd4 9. Nxc6 Qc7 10. Nb3 e5 11. f4 Bxc6 12. Bxc6 Qxc6 13. Qxc6 dxc6 14. fxe5
Ng4 15. Nxd4 Nxe5 16. b3 O-O-O 17. Bb2 Bb4+ 18. Kf2 Rhe8 19. h3 g6 20. Rad1 f5
21. Rhf1 Rd7 22. Nc2 Bc5+ 23. Bd4 Red8 24. e3 h5 25. Ke2 Bd6 26. Bc3 Nf7 27.
Bf6 Re8 28. Rg1 Re6 29. Bb2 c5 30. h4 Re4 31. Rd5 Bb8 32. Rxd7 Kxd7 33. Ne1 Rg4
34. Kf3 Ke6 35. Nd3 g5 36. Rg2 Bd6 37. Bc3 Be7 38. hxg5 Nxg5+ 39. Ke2 Bd6 40.
Rh2 Ne4 41. Be1 Bxg3 42. Rxh5 Bxe1 43. Kxe1 Rg1+ 44. Ke2 Rg2+ 45. Kf3 Rxa2 46.
Rh6+ Ke7 47. Kf4 Rd2 48. Ne1 Rf2+ 49. Ke5 Ng5 50. Rh5 Nf3+ 51. Kd5 0-1

[Event "BL 8081 HSK-Porz"]
[Site "?"]
[Date "1981.??.??"]
[Round "?.3"]
[White "Cordes, H."]
[Black "Sigurjonsson, G."]
[Result "0-1"]
[WhiteElo "2245"]
[BlackElo "2435"]
[PlyCount "94"]
[EventDate "1981.??.??"]

1. d4 Nf6 2. c4 e6 3. Nc3 Bb4 4. e3 O-O 5. Bd3 d5 6. Nge2 dxc4 7. Bxc4 c5 8. a3
cxd4 9. axb4 dxc3 10. Qxd8 Rxd8 11. bxc3 Ne4 12. Bb2 Nc6 13. Nd4 Bd7 14. Bd3
Nf6 15. Nf3 a6 16. Ke2 e5 17. Nd2 Be6 18. b5 axb5 19. Bxb5 Rac8 20. c4 Ne8 21.
Bxc6 Rxc6 22. Bxe5 Bxc4+ 23. Nxc4 Rxc4 24. Rhc1 Rxc1 25. Rxc1 Kf8 26. Rb1 Rd7
27. Rb6 Ke7 28. Bd4 Kd8 29. Kd3 Kc7 30. Rb2 Rd5 31. f3 g6 32. Rc2+ Kd7 33. Rb2
Nd6 34. h3 Ra5 35. Rc2 Ra3+ 36. Kd2 Rb3 37. Be5 Nf5 38. Bc3 b5 39. g4 Nd6 40.
Bd4 Nc4+ 41. Ke2 Kc6 42. Ra2 Na3 43. Bb2 b4 44. Bc1 Kb5 45. Rd2 Rb1 46. Rd5+
Kc6 47. Bxa3 Kxd5 0-1

[Event "BL 8081 HSK-Porz"]
[Site "?"]
[Date "1981.??.??"]
[Round "?.4"]
[White "Reefschlaeger, H."]
[Black "Pokern, N."]
[Result "1-0"]
[WhiteElo "2400"]
[BlackElo "2270"]
[PlyCount "89"]
[EventDate "1981.??.??"]

1. d4 d5 2. c4 c6 3. cxd5 cxd5 4. Nc3 Nf6 5. Nf3 Nc6 6. Bf4 Bf5 7. e3 e6 8. Bb5
Nd7 9. Qa4 Qb6 10. Nh4 Be4 11. O-O-O Be7 12. f3 Bc2 13. Kxc2 g5 14. Nf5 gxf4
15. Nxe7 Kxe7 16. exf4 a6 17. Qa3+ Kf6 18. Bxc6 Qxc6 19. Kb1 Nb6 20. Rc1 Nc4
21. Qb4 b5 22. Nd1 Qd6 23. Qxd6 Nxd6 24. Ne3 Nc4 25. Rhe1 Rhc8 26. Rcd1 b4 27.
g4 Nxe3 28. Rxe3 Rc4 29. b3 Rc6 30. Rc1 Rxc1+ 31. Kxc1 Rc8+ 32. Kd2 a5 33. f5
Rc6 34. fxe6 fxe6 35. f4 Rc7 36. f5 exf5 37. Rf3 f4 38. Rxf4+ Kg5 39. Rf5+ Kxg4
40. Rxd5 Kf4 41. Rxa5 Ke4 42. Re5+ Kxd4 43. Rb5 Rg7 44. Rxb4+ Kd5 45. Rh4 1-0

[Event "BL 8081 HSK-Porz"]
[Site "?"]
[Date "1981.??.??"]
[Round "?.5"]
[White "Jacoby, G."]
[Black "Troeger, P."]
[Result "1-0"]
[WhiteElo "2245"]
[BlackElo "2330"]
[PlyCount "101"]
[EventDate "1981.??.??"]

1. d4 f5 2. g3 Nf6 3. Bg2 d5 4. Nf3 e6 5. O-O Be7 6. c4 c6 7. b3 O-O 8. Bb2 Bd7
9. Nbd2 h6 10. Ne5 Be8 11. Nd3 Ne4 12. Nf3 Nd7 13. Qc2 g5 14. e3 g4 15. Nfe5
Ng5 16. Nf4 Nxe5 17. dxe5 Bf7 18. Rac1 Qd7 19. Qe2 Rfd8 20. Rfd1 Qe8 21. cxd5
cxd5 22. Rc7 Rd7 23. Rxd7 Qxd7 24. h4 gxh3 25. Nxh3 Qe8 26. Nf4 Rc8 27. Rc1
Rxc1+ 28. Bxc1 Qc6 29. Bb2 Be8 30. g4 fxg4 31. Qxg4 Bf7 32. Qe2 a6 33. Qd2 Bf8
34. Ne2 Bh5 35. Nd4 Qe8 36. f4 Nf7 37. e4 dxe4 38. Bxe4 Nd8 39. Qg2+ Kh8 40. f5
Bc5 41. Kh2 Qe7 42. f6 Qf7 43. Ne2 Be3 44. Qg3 Bg5 45. Nf4 Nc6 46. Nh3 Bg6 47.
Nxg5 hxg5 48. Qh3+ Kg8 49. Bxg6 Qxg6 50. Qxe6+ Kh7 51. Qh3+ 1-0

[Event "BL 8081 HSK-Porz"]
[Site "?"]
[Date "1981.??.??"]
[Round "?.6"]
[White "Gerusel, M."]
[Black "Gruenberg, Ra"]
[Result "1/2-1/2"]
[WhiteElo "2370"]
[BlackElo "2260"]
[PlyCount "61"]
[EventDate "1981.??.??"]

1. Nf3 c5 2. g3 Nc6 3. Bg2 g6 4. e4 Bg7 5. O-O d6 6. d3 e5 7. Nc3 Nge7 8. Be3
O-O 9. Qd2 Nd4 10. Bh6 Bh3 11. Nxd4 Bxh6 12. Qxh6 Bxg2 13. Ne6 fxe6 14. Kxg2
Nc6 15. f3 Rf6 16. Rf2 Qf8 17. Qd2 Nd4 18. Raf1 Qg7 19. Nd1 Raf8 20. c3 Nc6 21.
h4 h5 22. Ne3 b5 23. Nc2 Kh7 24. d4 exd4 25. cxd4 c4 26. Nb4 Qb7 27. Rd1 d5 28.
e5 R6f7 29. Nxc6 Qxc6 30. f4 a5 31. Rh1 1/2-1/2

[Event "BL 8081 FH Hamburg-Bochum"]
[Site "?"]
[Date "1981.??.??"]
[Round "?.1"]
[White "Wockenfuss, K."]
[Black "Borik, O."]
[Result "0-1"]
[WhiteElo "2380"]
[BlackElo "2390"]
[PlyCount "164"]
[EventDate "1981.??.??"]

1. Nf3 Nf6 2. c4 c5 3. g3 e6 4. Bg2 Nc6 5. O-O d5 6. cxd5 Nxd5 7. Nc3 Be7 8. d3
O-O 9. Bd2 b6 10. Nxd5 exd5 11. a3 Bb7 12. Rc1 Re8 13. Re1 Rc8 14. e4 Bf6 15.
exd5 Qxd5 16. Ne5 Qd6 17. Nxc6 Bxc6 18. Bxc6 Qxc6 19. Bc3 Bxc3 20. bxc3 Rxe1+
21. Qxe1 Qa4 22. Ra1 Rd8 23. Qd2 h6 24. h4 Qc4 25. Rd1 Qa6 26. Qc2 Qxa3 27. d4
cxd4 28. cxd4 Qf3 29. Re1 Qd5 30. Qc7 Qd7 31. Re7 Qxc7 32. Rxc7 Rxd4 33. Rxa7
g6 34. Rb7 Rb4 35. Kf1 h5 36. Ke2 Kg7 37. Kd3 Rb2 38. Ke3 Kf6 39. f3 Rb4 40.
Rc7 Ke6 41. Rb7 Rb3+ 42. Kf4 f6 43. g4 Rb4+ 44. Kg3 hxg4 45. fxg4 Rb3+ 46. Kf4
g5+ 47. hxg5 Rb4+ 48. Kf3 fxg5 49. Rc7 Kf6 50. Rb7 Rb1 51. Rb8 Rb5 52. Ke4 Ke6
53. Rd8 Rb4+ 54. Kf3 Rf4+ 55. Kg3 Rc4 56. Kf3 b5 57. Rb8 Rc5 58. Ke4 Rc4+ 59.
Kf3 Rf4+ 60. Kg3 Rb4 61. Kf3 Rb1 62. Ke4 Rb4+ 63. Kf3 Ke5 64. Re8+ Kd4 65. Re4+
Kc3 66. Re5 Rf4+ 67. Kg3 b4 68. Rxg5 Rc4 69. Rf5 b3 70. Rf3+ Kb4 71. Rf1 b2 72.
Rb1 Kb3 73. Kh4 Rc1 74. Rxb2+ Kxb2 75. Kg5 Kc3 76. Kf6 Rf1+ 77. Ke6 Rg1 78. Kf5
Kd4 79. g5 Kd5 80. Kf6 Kd6 81. g6 Rf1+ 82. Kg7 Ke7 0-1

[Event "BL 8081 FH Hamburg-Bochum"]
[Site "?"]
[Date "1981.??.??"]
[Round "?.2"]
[White "Budde, V."]
[Black "Dankert, P."]
[Result "1/2-1/2"]
[WhiteElo "2285"]
[BlackElo "2365"]
[PlyCount "155"]
[EventDate "1981.??.??"]

1. d4 Nf6 2. c4 e6 3. Nc3 d5 4. Nf3 Be7 5. Bg5 Nbd7 6. e3 h6 7. Bh4 O-O 8. Rc1
c6 9. Bd3 dxc4 10. Bxc4 b5 11. Bd3 a6 12. a4 Bb7 13. O-O Rc8 14. Qe2 b4 15. Ne4
Qa5 16. Nfd2 c5 17. Nc4 Qd8 18. Ned6 Rb8 19. Nxb7 Rxb7 20. Ne5 Nxe5 21. dxe5
Nd7 22. Bxa6 Ra7 23. Bg3 Qa8 24. Bb5 Nb6 25. b3 Nd5 26. Qf3 Rd8 27. Bc4 Rad7
28. Rfd1 Qa7 29. Bb5 Rc7 30. Qg4 Rcc8 31. Bc4 Nc3 32. Rd6 Bxd6 33. exd6 Nd5 34.
e4 Nf6 35. Qe2 Nd7 36. Bh4 Re8 37. e5 Rb8 38. f4 Rbc8 39. Bf2 Qa8 40. Ba6 Rb8
41. Bh4 Rf8 42. Be7 Rfe8 43. Bb5 Qa7 44. Kh1 c4 45. Bxc4 Qd4 46. Rf1 Rec8 47.
a5 Rxc4 48. Qxc4 Qxc4 49. bxc4 Ra8 50. Ra1 b3 51. Kg1 Nc5 52. Kf1 f5 53. exf6
gxf6 54. Bxf6 Ne4 55. Be5 Nd2+ 56. Ke2 Nxc4 57. Rb1 Nxe5 58. fxe5 b2 59. Rd1
Kf7 60. a6 Rxa6 61. d7 Ra8 62. Kd2 Ke7 63. Kc2 Kd8 64. Rd6 Rb8 65. Kb1 Rb5 66.
Rxe6 Kxd7 67. Rxh6 Rxe5 68. Rg6 Re2 69. h4 Ke7 70. g4 Kf7 71. h5 Rh2 72. Ka2
Rg2 73. g5 Rh2 74. Rf6+ Kg7 75. h6+ Kh7 76. Rf7+ Kg8 77. Rb7 Rg2 78. Rg7+
1/2-1/2

[Event "BL 8081 FH Hamburg-Bochum"]
[Site "?"]
[Date "1981.??.??"]
[Round "?.3"]
[White "Rosin, W."]
[Black "Bachmann, K."]
[Result "0-1"]
[WhiteElo "2265"]
[BlackElo "2265"]
[PlyCount "145"]
[EventDate "1981.??.??"]

1. d4 Nf6 2. Nd2 d5 3. Ngf3 Bf5 4. e3 e6 5. Be2 Nbd7 6. Nh4 Bd6 7. Nxf5 exf5 8.
c4 c6 9. Qb3 Qc7 10. Bd3 g6 11. Nf3 dxc4 12. Bxc4 Nb6 13. Bd2 Nxc4 14. Qxc4 Nd5
15. Rc1 Qe7 16. O-O O-O 17. Rfe1 Rfe8 18. a3 a5 19. Rb1 a4 20. Rbc1 h6 21. Qc2
Qe4 22. Bc3 Re6 23. Qxe4 fxe4 24. Nd2 f5 25. Nc4 Bc7 26. Ra1 Kf7 27. g3 g5 28.
Nd2 Kg6 29. Rac1 h5 30. Rc2 h4 31. Nf1 Bd6 32. Rec1 Kf7 33. Be1 Ke7 34. Rc4 Kd7
35. R4c2 Rf6 36. Nd2 hxg3 37. hxg3 Rh6 38. Nf1 f4 39. exf4 gxf4 40. f3 exf3 41.
Rf2 fxg3 42. Rxf3 Rg8 43. Bd2 Rh4 44. Kg2 Rxd4 45. Re1 Nf4+ 46. Bxf4 Bxf4 47.
Re2 Bd6 48. Rf7+ Kc8 49. Rh7 Rd8 50. Rg7 Rd7 51. Rg8+ Rd8 52. Rg5 Rd3 53. Rg4
b5 54. Rc2 Kc7 55. Rg5 Kb6 56. Rf5 Rh8 57. Rf6 Rh5 58. Re2 Re5 59. Rc2 Rc5 60.
Re2 Rc1 61. Rf5 Bc5 62. Rf7 Bf2 63. Rg7 Rb3 64. Rd7 Rb1 65. Rdd2 Re1 66. Rxe1
Bxe1 67. Re2 Bf2 68. Rc2 Bd4 69. Nxg3 Rxb2 70. Rxb2 Bxb2 71. Kf3 Bxa3 72. Ke2
Bd6 73. Ne4 0-1

[Event "BL 8081 FH Hamburg-Bochum"]
[Site "?"]
[Date "1981.??.??"]
[Round "?.4"]
[White "Wittmann, R."]
[Black "Clemens, C."]
[Result "0-1"]
[WhiteElo "2320"]
[BlackElo "2390"]
[PlyCount "48"]
[EventDate "1981.??.??"]

1. e4 d5 2. exd5 Nf6 3. d4 Nxd5 4. c4 Nb6 5. Nc3 e5 6. dxe5 Qxd1+ 7. Nxd1 Nc6
8. f4 Be6 9. Ne3 Bc5 10. b3 O-O-O 11. Nf3 Nb4 12. Ke2 f6 13. g3 fxe5 14. fxe5
Rhe8 15. a3 Nc6 16. Bb2 Na5 17. Ng5 Bg8 18. Bh3+ Kb8 19. Rad1 Nxb3 20. Rxd8+
Rxd8 21. Rd1 Rxd1 22. Nxd1 Bxc4+ 23. Kf3 Nd2+ 24. Kf4 Nd5+ 0-1

[Event "BL 8081 FH Hamburg-Bochum"]
[Site "?"]
[Date "1981.??.??"]
[Round "?.5"]
[White "Fries Nielsen, J."]
[Black "Ackermann, H."]
[Result "1/2-1/2"]
[WhiteElo "2320"]
[BlackElo "2275"]
[PlyCount "109"]
[EventDate "1981.??.??"]

1. e4 c6 2. d3 g6 3. Nf3 Bg7 4. g3 d6 5. Bg2 Bg4 6. Nbd2 Nh6 7. h3 Bd7 8. d4
O-O 9. c3 Qc8 10. Qe2 f6 11. b3 Nf7 12. h4 h5 13. Bb2 e5 14. a4 Na6 15. Rd1
exd4 16. Nxd4 d5 17. O-O Re8 18. Qd3 Ne5 19. Qc2 Nc7 20. exd5 Nxd5 21. Nc4 Nxc4
22. bxc4 Ne7 23. Ba3 Nf5 24. Be4 Re5 25. Rfe1 Kh7 26. Nxf5 Bxf5 27. Bxf5 Qxf5
28. Qxf5 gxf5 29. Rxe5 fxe5 30. Rd7 b6 31. c5 Kg8 32. Rc7 e4 33. Rxc6 Rd8 34.
cxb6 axb6 35. Bb4 Rd1+ 36. Kg2 Rd2 37. Kf1 Ra2 38. Rxb6 Rxa4 39. Rb5 Ra1+ 40.
Kg2 Ra2 41. Kf1 Ra1+ 42. Kg2 Ra2 43. Rb8+ Kf7 44. Rb7+ Kg6 45. Rb6+ Kf7 46. Kf1
Ra1+ 47. Ke2 Ra2+ 48. Ke3 Rb2 49. Rb7+ Kg6 50. Rb6+ Kf7 51. Ba5 Rxb6 52. Bxb6
Bxc3 53. f3 exf3 54. Kxf3 Kg6 55. Bc7 1/2-1/2

[Event "BL 8081 FH Hamburg-Bochum"]
[Site "?"]
[Date "1981.??.??"]
[Round "?.6"]
[White "Paulsen, D."]
[Black "Cording, H."]
[Result "1-0"]
[WhiteElo "2240"]
[BlackElo "2340"]
[PlyCount "81"]
[EventDate "1981.??.??"]

1. e4 c6 2. d4 d5 3. Nd2 dxe4 4. Nxe4 Nf6 5. Nxf6+ gxf6 6. g3 Qd5 7. Nf3 Bf5 8.
c4 Qe4+ 9. Be3 e6 10. a3 Nd7 11. Bg2 Qd3 12. Nd2 h5 13. Rc1 Bg4 14. Nf3 Qxd1+
15. Rxd1 Bd6 16. Rd2 Bxf3 17. Bxf3 h4 18. Ke2 f5 19. Bg5 Be7 20. gxh4 f6 21.
Bf4 Rxh4 22. Bg3 Rh8 23. h4 Rd8 24. h5 e5 25. Kd1 Nb6 26. b3 e4 27. Be2 Bxa3
28. Kc2 Bf8 29. Bf4 Bh6 30. Bxh6 Rxh6 31. Rh4 Nc8 32. f3 exf3 33. Bxf3 Kf7 34.
Rf4 Nd6 35. Rd1 Re8 36. c5 Ne4 37. Re1 Ng5 38. Be2 Re4 39. Rxf5 Ke6 40. Rxg5
fxg5 41. Bg4+ 1-0

[Event "BL 8081 Mainz-Delmenhorst"]
[Site "?"]
[Date "1981.??.??"]
[Round "?.1"]
[White "Lobron, E."]
[Black "Franke, R."]
[Result "1-0"]
[WhiteElo "2405"]
[BlackElo "2290"]
[PlyCount "157"]
[EventDate "1981.??.??"]

1. Nf3 c5 2. g3 g6 3. Bg2 Bg7 4. O-O Nc6 5. c4 e6 6. Nc3 Nge7 7. d3 O-O 8. Bf4
d5 9. cxd5 Nxd5 10. Nxd5 exd5 11. Qd2 b6 12. Rac1 Bb7 13. a3 Qd7 14. b4 cxb4
15. axb4 Rac8 16. b5 Nd4 17. Nxd4 Bxd4 18. Qa2 Qxb5 19. Qxa7 Qd7 20. Bh3 f5 21.
Qa2 Qf7 22. Bg2 Bc5 23. Qb2 d4 24. Bxb7 Qxb7 25. Rxc5 Rxc5 26. Bd6 Rf7 27. Bxc5
bxc5 28. Qa2 Kg7 29. Rb1 Qc6 30. Rb8 f4 31. Qa8 Qxa8 32. Rxa8 fxg3 33. hxg3 Rc7
34. Kg2 Kf6 35. Kf3 Ke5 36. Re8+ Kd5 37. Rd8+ Ke5 38. Kg4 Kf6 39. f4 h5+ 40.
Kf3 g5 41. Rd6+ Ke7 42. Rd5 gxf4 43. gxf4 c4 44. dxc4 Rxc4 45. Rxh5 Rc3+ 46.
Kf2 Kf6 47. Rd5 Rc4 48. Kf3 Rc3+ 49. Kf2 Rc4 50. Ke1 Ke6 51. Re5+ Kd6 52. Kd2
Rb4 53. Kd3 Ra4 54. Rf5 Ra2 55. Rf8 Ra4 56. Ke4 Ra2 57. Kd3 Ra4 58. Rf5 Ra2 59.
Re5 Ra4 60. Rb5 Kc6 61. Rf5 Ra2 62. Re5 Ra4 63. f5 Kd6 64. Re8 Kd5 65. e4+ dxe3
66. Kxe3 Ra1 67. Kf4 Kd6 68. Kg5 Kd7 69. Re5 Kd6 70. Re2 Kd7 71. Kg6 Rf1 72. f6
Rf3 73. f7 Rf1 74. Kg7 Rg1+ 75. Kf8 Rg3 76. Rd2+ Kc6 77. Ke8 Re3+ 78. Kd8 Rf3
79. Rd7 1-0

[Event "BL 8081 Mainz-Delmenhorst"]
[Site "?"]
[Date "1981.??.??"]
[Round "?.2"]
[White "Meyer, CD."]
[Black "Werner, D."]
[Result "1-0"]
[WhiteElo "2250"]
[BlackElo "2345"]
[PlyCount "101"]
[EventDate "1981.??.??"]

1. e4 b6 2. d4 Bb7 3. Nc3 e6 4. a3 c5 5. Nf3 Nf6 6. Bd3 cxd4 7. Nxd4 Nc6 8.
Nxc6 Bxc6 9. e5 Nd5 10. Ne4 Qc7 11. Qh5 g6 12. Qg5 Be7 13. Qg3 f5 14. Nd6+ Bxd6
15. exd6 Qd8 16. Bg5 Nf6 17. h4 h6 18. Bd2 Kf7 19. O-O-O Be4 20. Bc3 Bxd3 21.
Qxd3 Rh7 22. f3 Nd5 23. Be5 b5 24. Qxb5 Ne3 25. Rd2 Rc8 26. b3 Kg8 27. Re1 Nd5
28. g3 Rf7 29. Kb2 Rc6 30. c4 Nb6 31. c5 a6 32. Qb4 Nd5 33. Qc4 Qc8 34. Bd4 Kh7
35. Ka2 Qb7 36. Bb2 Rc8 37. Qd4 Qc6 38. Rc2 f4 39. gxf4 Nxf4 40. Re4 Nh5 41.
Qd3 Rf5 42. Rcc4 Rcf8 43. f4 Rd5 44. Qc3 Rd1 45. Qb4 Qd5 46. Rcd4 Rxd4 47. Rxd4
Qf3 48. Qa4 Rf7 49. c6 Nf6 50. c7 Rf8 51. Qxa6 1-0

[Event "BL 8081 Zähringen-Wilmersdorf"]
[Site "?"]
[Date "1981.??.??"]
[Round "?.1"]
[White "Herbrechtsmeier, C."]
[Black "Lieb, H."]
[Result "0-1"]
[WhiteElo "2350"]
[BlackElo "2285"]
[PlyCount "64"]
[EventDate "1981.??.??"]

1. e4 e6 2. d4 d5 3. Nc3 Bb4 4. e5 Qd7 5. Nge2 b6 6. Nf4 Ba6 7. Qg4 g6 8. Nd3
h5 9. Qh3 Bxc3+ 10. bxc3 Qa4 11. Kd1 Nh6 12. Bxh6 Rxh6 13. Nf4 Bxf1 14. Rxf1
Nc6 15. Qh4 Nxd4 16. cxd4 Qxd4+ 17. Ke2 Qxe5+ 18. Kd2 Qd4+ 19. Ke2 e5 20. Qf6
Qc4+ 21. Nd3 Qxc2+ 22. Ke1 Qxd3 23. Qc6+ Ke7 24. Qxa8 Qc3+ 25. Ke2 Qb2+ 26. Kd3
g5 27. Rac1 e4+ 28. Ke3 d4+ 29. Kxe4 Re6+ 30. Kd3 Qe2+ 31. Kxd4 Rd6+ 32. Kc3
Rd3+ 0-1

[Event "BL 8081 Delmenhorst-Zähringen"]
[Site "?"]
[Date "1981.??.??"]
[Round "?.1"]
[White "Franke, R."]
[Black "Herbrechtsmeier, C."]
[Result "1/2-1/2"]
[WhiteElo "2290"]
[BlackElo "2350"]
[PlyCount "76"]
[EventDate "1981.??.??"]

1. Nf3 Nf6 2. g3 g6 3. Bg2 Bg7 4. c4 O-O 5. O-O d5 6. cxd5 Nxd5 7. Nc3 Nc6 8.
Nxd5 Qxd5 9. d3 Qb5 10. Rb1 a5 11. a4 Qh5 12. Bf4 e5 13. Bd2 h6 14. b4 axb4 15.
Bxb4 Rd8 16. Qc2 Qg4 17. h3 Qd7 18. Rfc1 Qe8 19. Bd2 Bf8 20. Rb5 Kh7 21. Bc3
Bd6 22. Nd2 Ra6 23. Ne4 Qe7 24. Nxd6 cxd6 25. Ba1 d5 26. Rcb1 Qe6 27. Rb6 Rxb6
28. Rxb6 Qd6 29. Bb2 Qe7 30. Qb3 Nd4 31. Bxd4 exd4 32. Bxd5 Qxe2 33. Rf6 Rxd5
34. Qxd5 Be6 35. Qxb7 Kg7 36. Rxe6 Qxe6 37. a5 Qe1+ 38. Kg2 Qxa5 1/2-1/2

[Event "BL 8081 Wilmersdorf-Mainz"]
[Site "?"]
[Date "1981.??.??"]
[Round "?.1"]
[White "Lieb, H."]
[Black "Lobron, E."]
[Result "1-0"]
[WhiteElo "2285"]
[BlackElo "2405"]
[PlyCount "97"]
[EventDate "1981.??.??"]

1. Nf3 Nf6 2. c4 g6 3. g3 Bg7 4. Bg2 O-O 5. O-O d6 6. d4 Nbd7 7. Nc3 e5 8. e4
c6 9. d5 Nc5 10. Ne1 cxd5 11. cxd5 a5 12. Nd3 b6 13. Re1 Nxd3 14. Qxd3 Ba6 15.
Nb5 a4 16. Bf1 Qd7 17. Qc4 Rfc8 18. Qb4 Rc5 19. Na3 Bxf1 20. Rxf1 Qh3 21. f3 h5
22. Be3 h4 23. Qe1 Nh5 24. g4 Nf4 25. Qd2 Rcc8 26. Rf2 Bh6 27. Kh1 f5 28. gxf5
gxf5 29. Nb5 Rd8 30. Rc1 Kh8 31. Rc6 Nh5 32. Bxh6 Rg8 33. Rg2 Qxf3 34. Qe2 Qh3
35. Bg7+ Nxg7 36. Nxd6 Rgf8 37. Nxf5 Rxf5 38. exf5 Qxf5 39. Rh6+ Kg8 40. Rhg6
Ra7 41. R6g5 Qf4 42. Rxe5 Rc7 43. Re8+ Kh7 44. Qe4+ Qxe4 45. Rxe4 Nf5 46. Rg5
h3 47. Kg1 Rc1+ 48. Kf2 Rc2+ 49. Re2 1-0

[Event "BL 8081 Wilmersdorf-Mainz"]
[Site "?"]
[Date "1981.??.??"]
[Round "?.2"]
[White "Werner, D."]
[Black "Teschner, R."]
[Result "1-0"]
[WhiteElo "2345"]
[BlackElo "2415"]
[PlyCount "109"]
[EventDate "1981.??.??"]

1. e4 e5 2. Nf3 Nc6 3. Bb5 a6 4. Ba4 Nf6 5. d3 d6 6. c4 g6 7. Nc3 Bg7 8. O-O
O-O 9. h3 Nd7 10. Bg5 f6 11. Be3 Nc5 12. Bxc6 bxc6 13. d4 exd4 14. Nxd4 Qe8 15.
Re1 Rb8 16. Qc2 Bd7 17. Rad1 Qf7 18. b3 Ne6 19. Nxe6 Bxe6 20. c5 d5 21. exd5
Bxd5 22. Nxd5 cxd5 23. c6 Rfd8 24. Ba7 Ra8 25. Bc5 Re8 26. Qd3 Rxe1+ 27. Rxe1
Bf8 28. Bxf8 Kxf8 29. Rd1 Rd8 30. Qxa6 d4 31. Qa3+ Kg7 32. Qc5 d3 33. Qe3 Rd6
34. Rxd3 Rxc6 35. Qd2 Re6 36. Rc3 Qe7 37. Qf4 c5 38. g3 Re1+ 39. Kh2 Rh1+ 40.
Kxh1 Qe1+ 41. Kg2 Qxc3 42. Qc4 Qa5 43. a4 h5 44. h4 Qa8+ 45. Kg1 Qa5 46. Qe6 f5
47. Qe7+ Kg8 48. Kh2 Qb6 49. Qe8+ Kg7 50. Qb5 Qd6 51. a5 f4 52. Qb7+ Kh6 53. a6
Qd2 54. Qf3 fxg3+ 55. Qxg3 1-0

[Event "BL 8081 Bamberg-Solingen"]
[Site "?"]
[Date "1981.??.??"]
[Round "?.2"]
[White "Kavalek, L."]
[Black "Pfleger, He"]
[Result "1/2-1/2"]
[WhiteElo "2550"]
[BlackElo "2505"]
[PlyCount "39"]
[EventDate "1981.??.??"]

1. e4 d6 2. d4 Nf6 3. Nc3 g6 4. Be3 Nbd7 5. Nf3 Bg7 6. Be2 c6 7. a4 O-O 8. O-O
e5 9. dxe5 dxe5 10. Qd6 Ng4 11. Bg5 f6 12. Bd2 Nh6 13. Rfd1 Nf7 14. Bc4 Kh8 15.
Bxf7 Rxf7 16. Be3 Qe8 17. Qd3 Bf8 18. Nd2 Nc5 19. Qe2 Be6 20. Nc4 1/2-1/2

[Event "BL 8081 Bamberg-Solingen"]
[Site "?"]
[Date "1981.??.??"]
[Round "?.3"]
[White "Podzielny, K."]
[Black "Hecht, H."]
[Result "0-1"]
[WhiteElo "2385"]
[BlackElo "2475"]
[PlyCount "100"]
[EventDate "1981.??.??"]

1. Nf3 Nf6 2. g3 b5 3. a4 b4 4. Bg2 Bb7 5. d3 e6 6. Nbd2 d6 7. O-O Be7 8. e4
O-O 9. a5 a6 10. Re1 c5 11. Nc4 Nc6 12. e5 Ne8 13. exd6 Nxd6 14. Nfd2 Rb8 15.
Nxd6 Bxd6 16. Nc4 Nd4 17. Bxb7 Rxb7 18. Be3 Be7 19. Bxd4 cxd4 20. Qf3 Rb5 21.
Re5 Rxe5 22. Nxe5 Qc7 23. Nc4 Rd8 24. Re1 Rd5 25. b3 g6 26. Re4 Kg7 27. Qe2 Qc5
28. Qe1 Bd8 29. Qa1 e5 30. Qa4 f5 31. Re1 Bf6 32. Qe8 Rd8 33. Qe6 Qd5 34. Qxa6
e4 35. Qa7+ Rd7 36. Qb8 e3 37. a6 Re7 38. a7 Qf3 39. fxe3 dxe3 40. Qf4 Qxf4 41.
gxf4 Rxa7 42. Kg2 Bd4 43. Kf3 Rc7 44. Re2 g5 45. fxg5 Kg6 46. h4 Kh5 47. Nxe3
Bxe3 48. Kxe3 Re7+ 49. Kf3 Rxe2 50. Kxe2 Kxh4 0-1